Tafsir Al-Azhar (Record no. 868)
[ view plain ]
| 000 -LEADER | |
|---|---|
| fixed length control field | nam a22 a 4500 |
| 005 - DATE AND TIME OF LATEST TRANSACTION | |
| control field | 20170505153018.0 |
| 008 - FIXED-LENGTH DATA ELEMENTS--GENERAL INFORMATION | |
| fixed length control field | 170505b2005 si ||||| |||| 00| 0 may d |
| 020 ## - INTERNATIONAL STANDARD BOOK NUMBER | |
| International Standard Book Number | 9971772787 (jilid 1) |
| -- | 9971772795 (jilid 2) |
| -- | 9971772809 (jilid 3) |
| -- | 9971772817 (jilid 4) |
| -- | 9971772825 (jilid 5) |
| -- | 9971772833 (jilid 6) |
| -- | 9971772841 (jilid 7) |
| -- | 997177285X (jilid 8) |
| -- | 9971772868 (jilid 9) |
| -- | 9971772876 (jilid 10) |
| 040 ## - CATALOGING SOURCE | |
| Original cataloging agency | AKMAL |
| 082 ## - DEWEY DECIMAL CLASSIFICATION NUMBER | |
| Classification number | 297.1226 HAM |
| 090 ## - LOCALLY ASSIGNED LC-TYPE CALL NUMBER (OCLC); LOCAL CALL NUMBER (RLIN) | |
| Classification number (OCLC) (R) ; Classification number, CALL (RLIN) (NR) | 297.1226 |
| Local cutter number (OCLC) ; Book number/undivided call number, CALL (RLIN) | HAM |
| 100 ## - MAIN ENTRY--PERSONAL NAME | |
| Personal name | Prof. Dr. Hamka |
| 9 (RLIN) | 1857 |
| 245 ## - TITLE STATEMENT | |
| Title | Tafsir Al-Azhar |
| Statement of responsibility, etc. | Prof. Dr. Hamka |
| 260 ## - PUBLICATION, DISTRIBUTION, ETC. | |
| Date of publication, distribution, etc. | 2005 (jilid 1) |
| -- | 2003 (jilid 2, 3, 4, 5, 6, 7, 8, 9, 10) |
| 300 ## - PHYSICAL DESCRIPTION | |
| Dimensions | cm |
| 942 ## - ADDED ENTRY ELEMENTS (KOHA) | |
| Source of classification or shelving scheme | |
| Koha item type | Book |
| Withdrawn status | Lost status | Source of classification or shelving scheme | Damaged status | Not for loan | Collection code | Home library | Current library | Shelving location | Date acquired | Inventory number | Total Checkouts | Full call number | Barcode | Date last seen | Price effective from | Koha item type |
|---|---|---|---|---|---|---|---|---|---|---|---|---|---|---|---|---|
| NON-FICTION | AKMAL Melaka | AKMAL Melaka | PINJAMAN | 05.05.2017 | 200949 | 297.1226 HAM | 201701837 | 05.05.2017 | 05.05.2017 | Book | ||||||
| NON-FICTION | AKMAL Melaka | AKMAL Melaka | PINJAMAN | 05.05.2017 | 200950 | 297.1226 HAM | 201701838 | 05.05.2017 | 05.05.2017 | Book | ||||||
| NON-FICTION | AKMAL Melaka | AKMAL Melaka | PINJAMAN | 05.05.2017 | 200951 | 297.1226 HAM | 201701839 | 05.05.2017 | 05.05.2017 | Book | ||||||
| NON-FICTION | AKMAL Melaka | AKMAL Melaka | PINJAMAN | 05.05.2017 | 200952 | 297.1226 HAM | 201701840 | 05.05.2017 | 05.05.2017 | Book | ||||||
| NON-FICTION | AKMAL Melaka | AKMAL Melaka | PINJAMAN | 05.05.2017 | 200953 | 297.1226 HAM | 201701841 | 05.05.2017 | 05.05.2017 | Book | ||||||
| NON-FICTION | AKMAL Melaka | AKMAL Melaka | PINJAMAN | 05.05.2017 | 200954 | 297.1226 HAM | 201701842 | 05.05.2017 | 05.05.2017 | Book | ||||||
| NON-FICTION | AKMAL Melaka | AKMAL Melaka | PINJAMAN | 05.05.2017 | 200955 | 297.1226 HAM | 201701843 | 05.05.2017 | 05.05.2017 | Book | ||||||
| NON-FICTION | AKMAL Melaka | AKMAL Melaka | PINJAMAN | 05.05.2017 | 200956 | 297.1226 HAM | 201701844 | 05.05.2017 | 05.05.2017 | Book | ||||||
| NON-FICTION | AKMAL Melaka | AKMAL Melaka | PINJAMAN | 05.05.2017 | 200957 | 297.1226 HAM | 201701845 | 05.05.2017 | 05.05.2017 | Book | ||||||
| NON-FICTION | AKMAL Melaka | AKMAL Melaka | PINJAMAN | 05.05.2017 | 200958 | 297.1226 HAM | 201701846 | 05.05.2017 | 05.05.2017 | Book |
